[Event "European Chess Club Cup 2023"]
[Site "Durres, Albania"]
[Date "2023.10.01"]
[Round "1.48"]
[White "Dahdah, Nagib"]
[Black "Willemze, Thomas"]
[Result "1/2-1/2"]
[TimeControl "90' + 30' & 30\""]
[WhiteElo "2073"]
[BlackElo "2351"]

1. e4 {[%clk 01:30:55]} {[%emt 00:00:04]} c6 {[%clk 01:30:54]} {[%emt
00:00:07]} 2. d4 {[%clk 01:31:15]} {[%emt 00:00:08]} d5 {[%clk 01:31:19]}
{[%emt 00:00:06]} 3. exd5 {[%clk 01:31:37]} {[%emt 00:00:08]} cxd5 {[%clk
01:31:44]} {[%emt 00:00:06]} 4. c4 {[%clk 01:32:00]} {[%emt 00:00:05]} Nf6
{[%clk 01:31:59]} {[%emt 00:00:16]} 5. Nc3 {[%clk 01:32:19]} {[%emt 00:00:10]}
g6 {[%clk 01:32:15]} {[%emt 00:00:15]} 6. Qb3 {[%clk 01:31:44]} {[%emt
00:01:04]} Bg7 {[%clk 01:32:34]} {[%emt 00:00:11]} 7. cxd5 {[%clk 01:30:33]}
{[%emt 00:01:41]} O-O {[%clk 01:32:58]} {[%emt 00:00:06]} 8. Nf3 {[%clk
01:30:13]} {[%emt 00:00:52]} Nbd7 {[%clk 01:21:51]} {[%emt 00:11:36]} 9. Bd3
{[%clk 01:23:02]} {[%emt 00:07:40]} Nb6 {[%clk 01:21:51]} {[%emt 00:00:31]} 10.
O-O {[%clk 01:22:27]} {[%emt 00:01:05]} Nfxd5 {[%clk 01:17:08]} {[%emt
00:05:13]} 11. Re1 {[%clk 00:59:13]} {[%emt 00:23:44]} Bg4 {[%clk 01:00:12]}
{[%emt 00:17:26]} 12. Be4 {[%clk 00:42:53]} {[%emt 00:16:50]} Nxc3 {[%clk
00:53:55]} {[%emt 00:06:48]} 13. bxc3 {[%clk 00:42:58]} {[%emt 00:00:26]} Be6
{[%clk 00:53:49]} {[%emt 00:00:35]} 14. Qb5 {[%clk 00:30:52]} {[%emt 00:12:37]}
Qc7 {[%clk 00:24:32]} {[%emt 00:29:47]} 15. Bg5 {[%clk 00:23:56]} {[%emt
00:07:26]} Rfe8 {[%clk 00:20:34]} {[%emt 00:04:28]} 16. a4 {[%clk 00:19:14]}
{[%emt 00:05:11]} Rad8 {[%clk 00:16:29]} {[%emt 00:04:35]} 17. a5 {[%clk
00:16:25]} {[%emt 00:03:19]} Nd5 {[%clk 00:15:09]} {[%emt 00:01:50]} 18. Rac1
{[%clk 00:16:08]} {[%emt 00:00:48]} a6 {[%clk 00:14:48]} {[%emt 00:00:51]} 19.
Qa4 {[%clk 00:15:06]} {[%emt 00:01:31]} h6 {[%clk 00:13:53]} {[%emt 00:01:26]}
20. Bd2 {[%clk 00:15:21]} {[%emt 00:00:14]} g5 {[%clk 00:07:23]} {[%emt
00:07:01]} 21. Bb1 {[%clk 00:13:21]} {[%emt 00:02:29]} Bd7 {[%clk 00:06:14]}
{[%emt 00:01:39]} 22. Qc2 {[%clk 00:13:00]} {[%emt 00:00:51]} Nf6 {[%clk
00:06:43]} {[%emt 00:00:01]} 23. Ne5 {[%clk 00:12:50]} {[%emt 00:00:40]} Be6
{[%clk 00:06:48]} {[%emt 00:00:26]} 24. h4 {[%clk 00:11:16]} {[%emt 00:02:04]}
gxh4 {[%clk 00:07:00]} {[%emt 00:00:19]} 25. Nf3 {[%clk 00:07:02]} {[%emt
00:04:43]} Bd5 {[%clk 00:04:25]} {[%emt 00:03:06]} 26. Nxh4 {[%clk 00:07:20]}
{[%emt 00:00:12]} Ng4 {[%clk 00:02:51]} {[%emt 00:02:04]} 27. g3 {[%clk
00:04:23]} {[%emt 00:03:26]} Qc6 {[%clk 00:03:12]} {[%emt 00:00:09]} 28. Qf5
{[%clk 00:03:39]} {[%emt 00:01:14]} Nf6 {[%clk 00:02:57]} {[%emt 00:00:45]} 29.
Re5 {[%clk 00:03:29]} {[%emt 00:00:40]} Be6 {[%clk 00:02:49]} {[%emt 00:00:38]}
30. Qc2 {[%clk 00:03:40]} {[%emt 00:00:18]} Bh3 {[%clk 00:03:04]} {[%emt
00:00:15]} 31. Rce1 {[%clk 00:03:18]} {[%emt 00:00:53]} e6 {[%clk 00:03:07]}
{[%emt 00:00:27]} 32. f3 {[%clk 00:01:46]} {[%emt 00:02:02]} Kf8 {[%clk
00:02:24]} {[%emt 00:01:13]} 33. Kh2 {[%clk 00:01:44]} {[%emt 00:00:32]} Bg4
{[%clk 00:02:52]} {[%emt 00:00:02]} 34. fxg4 {[%clk 00:00:41]} {[%emt
00:01:32]} Nxg4+ {[%clk 00:03:21]} 35. Kg1 {[%clk 00:00:55]} {[%emt 00:00:17]}
Nxe5 {[%clk 00:03:00]} {[%emt 00:00:52]} 36. dxe5 {[%clk 00:00:50]} {[%emt
00:00:34]} Qd5 {[%clk 00:03:06]} {[%emt 00:00:24]} 37. Re2 {[%clk 00:00:46]}
{[%emt 00:00:34]} Qxa5 {[%clk 00:03:04]} {[%emt 00:00:32]} 38. Qh7 {[%clk
00:00:38]} {[%emt 00:00:38]} Rxd2 {[%clk 00:03:19]} {[%emt 00:00:15]} 39. Rxd2
{[%clk 00:00:43]} {[%emt 00:00:25]} Qxe5 {[%clk 00:03:04]} {[%emt 00:00:45]} 40.
Rg2 {[%clk 00:00:32]} {[%emt 00:00:41]} Rd8 {[%clk 00:01:00]} {[%emt 00:02:33]}
41. Kh2 {[%clk 00:00:45]} {[%emt 00:00:18]} Qe1 {[%clk 00:22:37]} {[%emt
00:08:53]} 42. Qe4 {[%clk 00:19:19]} {[%emt 00:11:56]} Rd1 {[%clk 00:21:55]}
{[%emt 00:01:12]} 1/2-1/2

[Event "European Chess Club Cup 2023"]
[Site "Durres, Albania"]
[Date "2023.10.01"]
[Round "1.49"]
[White "Maerevoet, Sim"]
[Black "Sarana, Alexey"]
[Result "1/2-1/2"]
[TimeControl "90' + 30' & 30\""]
[WhiteElo "2439"]
[BlackElo "2682"]

1. e4 {[%clk 01:30:57]} {[%emt 00:00:02]} c5 {[%clk 01:30:52]} {[%emt
00:00:09]} 2. Nf3 {[%clk 01:31:18]} {[%emt 00:00:09]} d6 {[%clk 01:31:17]}
{[%emt 00:00:04]} 3. d4 {[%clk 01:31:37]} {[%emt 00:00:12]} cxd4 {[%clk
01:31:42]} {[%emt 00:00:05]} 4. Nxd4 {[%clk 01:32:01]} {[%emt 00:00:07]} Nf6
{[%clk 01:32:06]} {[%emt 00:00:04]} 5. Nc3 {[%clk 01:32:23]} {[%emt 00:00:08]}
a6 {[%clk 01:32:23]} {[%emt 00:00:14]} 6. Bg5 {[%clk 01:32:39]} {[%emt
00:00:14]} Nbd7 {[%clk 01:32:07]} {[%emt 00:00:46]} 7. Bc4 {[%clk 01:32:49]}
{[%emt 00:00:20]} Qb6 {[%clk 01:30:45]} {[%emt 00:01:51]} 8. O-O {[%clk
01:32:57]} {[%emt 00:00:22]} Qc5 {[%clk 01:29:21]} {[%emt 00:01:54]} 9. Bd5
{[%clk 01:33:04]} {[%emt 00:00:23]} e6 {[%clk 01:18:51]} {[%emt 00:11:00]} 10.
Re1 {[%clk 01:33:11]} {[%emt 00:00:24]} Be7 {[%clk 01:16:29]} {[%emt 00:02:53]}
11. Be3 {[%clk 01:21:38]} {[%emt 00:12:03]} Qa5 {[%clk 01:15:20]} {[%emt
00:01:39]} 12. Bxe6 {[%clk 01:20:24]} {[%emt 00:01:44]} fxe6 {[%clk 01:10:05]}
{[%emt 00:05:45]} 13. Nxe6 {[%clk 01:20:42]} {[%emt 00:00:13]} Kf7 {[%clk
01:01:51]} {[%emt 00:08:45]} 14. Ng5+ {[%clk 01:19:18]} {[%emt 00:01:52]} Ke8
{[%clk 01:02:14]} {[%emt 00:00:07]} 15. Ne6 {[%clk 01:17:06]} {[%emt 00:02:41]}
Kf7 {[%clk 01:02:21]} {[%emt 00:00:23]} 16. Ng5+ {[%clk 01:16:55]} {[%emt
00:00:41]} Ke8 {[%clk 00:57:09]} {[%emt 00:05:43]} 17. Ne6 {[%clk 01:15:12]}
{[%emt 00:02:13]} Kf7 {[%clk 00:56:41]} {[%emt 00:00:57]} 1/2-1/2

[Event "European Chess Club Cup 2023"]
[Site "Durres, Albania"]
[Date "2023.10.01"]
[Round "1.50"]
[White "Pechac, Jergus"]
[Black "Decoster, Frederic"]
[Result "1-0"]
[TimeControl "90' + 30' & 30\""]
[WhiteElo "2596"]
[BlackElo "2295"]

1. c4 {[%clk 01:30:19]} {[%emt 00:00:41]} c5 {[%clk 01:30:40]} {[%emt
00:00:21]} 2. Nf3 {[%clk 01:30:12]} {[%emt 00:00:36]} Nc6 {[%clk 01:30:43]}
{[%emt 00:00:27]} 3. Nc3 {[%clk 01:30:25]} {[%emt 00:00:18]} Nf6 {[%clk
01:29:43]} {[%emt 00:01:30]} 4. g3 {[%clk 01:30:05]} {[%emt 00:00:50]} d5
{[%clk 01:25:55]} {[%emt 00:04:17]} 5. cxd5 {[%clk 01:30:06]} {[%emt 00:00:35]}
Nxd5 {[%clk 01:26:17]} {[%emt 00:00:02]} 6. d4 {[%clk 01:29:24]} {[%emt
00:01:12]} cxd4 {[%clk 01:16:28]} {[%emt 00:10:21]} 7. Nxd4 {[%clk 01:29:40]}
{[%emt 00:00:12]} Nxc3 {[%clk 01:15:50]} {[%emt 00:01:09]} 8. bxc3 {[%clk
01:30:03]} {[%emt 00:00:07]} Qd5 {[%clk 01:09:44]} {[%emt 00:06:35]} 9. Rg1
{[%clk 01:21:33]} {[%emt 00:09:00]} e5 {[%clk 00:50:44]} {[%emt 00:19:30]} 10.
Bg2 {[%clk 01:21:50]} {[%emt 00:00:14]} Qc5 {[%clk 00:50:42]} {[%emt 00:00:35]}
11. Nxc6 {[%clk 01:21:39]} {[%emt 00:00:38]} bxc6 {[%clk 00:50:41]} {[%emt
00:00:31]} 12. Be3 {[%clk 01:21:49]} {[%emt 00:00:20]} Qc4 {[%clk 00:40:41]}
{[%emt 00:10:30]} 13. f4 {[%clk 01:10:54]} {[%emt 00:11:25]} Be7 {[%clk
00:30:33]} {[%emt 00:10:38]} 14. Qd3 {[%clk 01:10:20]} {[%emt 00:01:05]} Qa4
{[%clk 00:27:50]} {[%emt 00:03:12]} 15. Qe4 {[%clk 01:05:16]} {[%emt 00:05:35]}
Qxe4 {[%clk 00:27:34]} {[%emt 00:00:46]} 16. Bxe4 {[%clk 01:05:39]} {[%emt
00:00:07]} Kd7 {[%clk 00:23:46]} {[%emt 00:04:20]} 17. fxe5 {[%clk 01:02:48]}
{[%emt 00:03:18]} Kc7 {[%clk 00:23:18]} {[%emt 00:00:59]} 18. Rf1 {[%clk
01:01:59]} {[%emt 00:01:18]} Be6 {[%clk 00:19:54]} {[%emt 00:03:55]} 19. Bf5
{[%clk 01:02:14]} {[%emt 00:00:15]} Bxf5 {[%clk 00:12:46]} {[%emt 00:07:39]} 20.
Rxf5 {[%clk 01:02:37]} {[%emt 00:00:06]} Rhf8 {[%clk 00:13:11]} {[%emt
00:00:05]} 21. Rd1 {[%clk 01:00:34]} {[%emt 00:02:33]} Rad8 {[%clk 00:07:09]}
{[%emt 00:06:32]} 22. Rxd8 {[%clk 01:00:23]} {[%emt 00:00:41]} Kxd8 {[%clk
00:07:25]} {[%emt 00:00:14]} 23. e6 {[%clk 01:00:41]} {[%emt 00:00:12]} fxe6
{[%clk 00:05:28]} {[%emt 00:02:27]} 24. Rxf8+ {[%clk 01:00:34]} {[%emt
00:00:37]} Bxf8 {[%clk 00:05:57]} 25. Bxa7 {[%clk 01:00:51]} {[%emt 00:00:12]}
Kc7 {[%clk 00:05:49]} {[%emt 00:00:39]} 26. Bd4 {[%clk 01:00:44]} {[%emt
00:00:38]} Kd6 {[%clk 00:05:51]} {[%emt 00:00:26]} 27. c4 {[%clk 01:00:27]}
{[%emt 00:00:48]} g6 {[%clk 00:05:09]} {[%emt 00:01:12]} 28. Kd2 {[%clk
01:00:00]} {[%emt 00:00:57]} Bh6+ {[%clk 00:04:43]} {[%emt 00:00:54]} 29. Kd3
{[%clk 01:00:25]} {[%emt 00:00:07]} Bc1 {[%clk 00:04:30]} {[%emt 00:00:42]} 30.
a4 {[%clk 01:00:44]} {[%emt 00:00:11]} c5 {[%clk 00:04:22]} {[%emt 00:00:38]}
31. Bg7 {[%clk 00:59:27]} {[%emt 00:01:47]} Kc6 {[%clk 00:03:28]} {[%emt
00:01:24]} 32. Ke4 {[%clk 00:59:41]} {[%emt 00:00:17]} Bd2 {[%clk 00:03:39]}
{[%emt 00:00:19]} 33. Bb2 {[%clk 00:58:50]} {[%emt 00:01:21]} Kd6 {[%clk
00:03:54]} {[%emt 00:00:15]} 34. Kd3 {[%clk 00:57:23]} {[%emt 00:01:58]} Ba5
{[%clk 00:03:43]} {[%emt 00:00:40]} 35. Bc3 {[%clk 00:57:12]} {[%emt 00:00:41]}
Bc7 {[%clk 00:03:00]} {[%emt 00:01:13]} 36. Ke4 {[%clk 00:57:12]} {[%emt
00:00:30]} Kc6 {[%clk 00:03:18]} {[%emt 00:00:12]} 37. Kf3 {[%clk 00:57:36]}
{[%emt 00:00:07]} h5 {[%clk 00:01:50]} {[%emt 00:01:57]} 38. Ke4 {[%clk
00:57:17]} {[%emt 00:00:48]} Kd7 {[%clk 00:01:12]} {[%emt 00:01:08]} 39. a5
{[%clk 00:57:25]} {[%emt 00:00:22]} Kc6 {[%clk 00:01:18]} {[%emt 00:00:25]} 40.
a6 {[%clk 00:57:45]} {[%emt 00:00:10]} Bd6 {[%clk 00:01:07]} {[%emt 00:00:41]}
41. Be5 {[%clk 00:56:35]} {[%emt 00:01:40]} Be7 {[%clk 00:29:37]} {[%emt
00:02:00]} 42. Bb8 {[%clk 01:26:31]} {[%emt 00:00:33]} 1-0

[Event "European Chess Club Cup 2023"]
[Site "Durres, Albania"]
[Date "2023.10.01"]
[Round "1.51"]
[White "Boucquet, Emile"]
[Black "Banusz, Tamas"]
[Result "0-1"]
[TimeControl "90' + 30' & 30\""]
[WhiteElo "2208"]
[BlackElo "2600"]

1. e4 {[%clk 01:30:53]} {[%emt 00:00:06]} e5 {[%clk 01:30:54]} {[%emt
00:00:06]} 2. Nf3 {[%clk 01:31:14]} {[%emt 00:00:08]} d6 {[%clk 01:31:16]}
{[%emt 00:00:08]} 3. d4 {[%clk 01:31:33]} {[%emt 00:00:11]} exd4 {[%clk
01:31:41]} {[%emt 00:00:07]} 4. Nxd4 {[%clk 01:31:58]} {[%emt 00:00:02]} Nf6
{[%clk 01:32:05]} {[%emt 00:00:07]} 5. Nc3 {[%clk 01:32:16]} {[%emt 00:00:12]}
Be7 {[%clk 01:32:29]} {[%emt 00:00:07]} 6. Bf4 {[%clk 01:28:36]} {[%emt
00:04:09]} O-O {[%clk 01:32:41]} {[%emt 00:00:19]} 7. Qd2 {[%clk 01:28:59]}
{[%emt 00:00:06]} Nc6 {[%clk 01:32:56]} {[%emt 00:00:16]} 8. O-O-O {[%clk
01:26:51]} {[%emt 00:02:37]} Nxd4 {[%clk 01:33:18]} {[%emt 00:00:09]} 9. Qxd4
{[%clk 01:27:02]} {[%emt 00:00:18]} Be6 {[%clk 01:33:41]} {[%emt 00:00:08]} 10.
Be2 {[%clk 01:02:03]} {[%emt 00:25:28]} a6 {[%clk 01:33:27]} {[%emt 00:00:45]}
11. e5 {[%clk 00:51:53]} {[%emt 00:10:39]} dxe5 {[%clk 01:20:41]} {[%emt
00:13:16]} 12. Qxe5 {[%clk 00:48:15]} {[%emt 00:04:07]} Bd6 {[%clk 01:00:10]}
{[%emt 00:21:01]} 13. Qe3 {[%clk 00:48:34]} {[%emt 00:00:11]} Bxf4 {[%clk
01:00:30]} {[%emt 00:00:10]} 14. Qxf4 {[%clk 00:48:55]} {[%emt 00:00:09]} Qe7
{[%clk 01:00:40]} {[%emt 00:00:21]} 15. Bf3 {[%clk 00:43:19]} {[%emt 00:06:04]}
Qc5 {[%clk 00:57:13]} {[%emt 00:03:59]} 16. g4 {[%clk 00:37:15]} {[%emt
00:06:34]} c6 {[%clk 00:54:20]} {[%emt 00:03:22]} 17. g5 {[%clk 00:24:18]}
{[%emt 00:13:27]} Nd7 {[%clk 00:52:54]} {[%emt 00:01:56]} 18. Ne4 {[%clk
00:10:50]} {[%emt 00:13:58]} Qa5 {[%clk 00:48:08]} {[%emt 00:05:16]} 19. Rhe1
{[%clk 00:01:43]} {[%emt 00:09:36]} Qxa2 {[%clk 00:43:36]} {[%emt 00:05:03]} 20.
Nf6+ {[%clk 00:02:01]} {[%emt 00:00:13]} gxf6 {[%clk 00:41:15]} {[%emt
00:02:51]} 21. gxf6 {[%clk 00:02:29]} {[%emt 00:00:03]} Qa1+ {[%clk 00:37:56]}
{[%emt 00:03:48]} 22. Kd2 {[%clk 00:02:55]} {[%emt 00:00:04]} Qa5+ {[%clk
00:38:24]} {[%emt 00:00:02]} 23. Kc1 {[%clk 00:01:54]} {[%emt 00:01:31]} Qf5
{[%clk 00:37:43]} {[%emt 00:01:11]} 24. Qg3+ {[%clk 00:00:42]} {[%emt
00:01:42]} Qg6 {[%clk 00:38:05]} {[%emt 00:00:08]} 25. Qh4 {[%clk 00:00:34]}
{[%emt 00:00:38]} Qxf6 {[%clk 00:37:44]} {[%emt 00:00:51]} 26. Qh5 {[%clk
00:00:43]} {[%emt 00:00:20]} Kh8 {[%clk 00:36:37]} {[%emt 00:01:37]} 27. Be4
{[%clk 00:00:32]} {[%emt 00:00:42]} h6 {[%clk 00:35:54]} {[%emt 00:01:12]} 28.
Re3 {[%clk 00:00:33]} {[%emt 00:00:30]} Qg5 {[%clk 00:35:49]} {[%emt 00:00:35]}
29. Qe2 {[%clk 00:00:48]} {[%emt 00:00:14]} Nf6 {[%clk 00:35:22]} {[%emt
00:00:58]} 30. f4 {[%clk 00:00:42]} {[%emt 00:00:35]} Qa5 {[%clk 00:35:16]}
{[%emt 00:00:36]} 31. Bd3 {[%clk 00:00:33]} {[%emt 00:00:39]} Bg4 {[%clk
00:35:12]} {[%emt 00:00:34]} 32. Qg2 {[%clk 00:00:32]} {[%emt 00:00:32]} Qa1+
{[%clk 00:35:31]} {[%emt 00:00:11]} 0-1

[Event "European Chess Club Cup 2023"]
[Site "Durres, Albania"]
[Date "2023.10.01"]
[Round "1.52"]
[White "Ivic, Velimir"]
[Black "De Vogelaere, Robin"]
[Result "1-0"]
[TimeControl "90' + 30' & 30\""]
[WhiteElo "2562"]
[BlackElo "2052"]

1. e4 e5 {[%clk 01:30:30]} 2. Nf3 {[%clk 01:29:39]} Nc6 {[%emt 18:17:20]} 3.
Bb5 a6 4. Ba4 Nf6 5. O-O d6 {[%clk 01:31:20]} 6. Re1 {[%clk 01:31:06]} Bd7
{[%clk 01:29:18]} {[%emt 00:11:32]} 7. c4 {[%clk 01:21:18]} g6 {[%clk
01:18:33]} {[%emt 00:16:03]} 8. Bxc6 {[%clk 01:18:23]} Bxc6 {[%clk 01:12:29]}
{[%emt 00:09:58]} 9. Nc3 {[%clk 01:17:34]} Bg7 {[%clk 01:08:59]} {[%emt
00:05:19]} 10. d4 {[%clk 01:17:23]} O-O {[%clk 00:52:12]} {[%emt 00:17:57]} 11.
Bg5 {[%clk 01:13:48]} h6 {[%clk 00:46:57]} {[%emt 00:09:52]} 12. Bh4 {[%clk
01:09:40]} Re8 {[%clk 00:33:59]} {[%emt 00:18:05]} 13. dxe5 dxe5 {[%clk
00:34:17]} 14. Nd5 {[%clk 01:04:07]} {[%emt 00:02:37]} b5 {[%clk 00:25:10]}
{[%emt 00:09:37]} 15. Qc2 {[%clk 00:59:39]} {[%emt 00:04:59]} g5 {[%clk
00:20:43]} {[%emt 00:04:57]} 16. Bg3 {[%clk 00:59:08]} {[%emt 00:01:01]} Nh5
{[%clk 00:19:04]} {[%emt 00:02:09]} 17. Rad1 {[%clk 00:58:35]} {[%emt
00:01:03]} Nxg3 {[%clk 00:13:25]} {[%emt 00:06:09]} 18. hxg3 {[%clk 00:57:00]}
{[%emt 00:02:04]} Bxd5 {[%clk 00:11:41]} {[%emt 00:02:15]} 19. cxd5 {[%clk
00:55:17]} {[%emt 00:02:13]} Bf8 {[%clk 00:11:28]} {[%emt 00:00:43]} 20. Nh2
{[%clk 00:54:12]} {[%emt 00:01:34]} Bd6 {[%clk 00:10:44]} {[%emt 00:01:14]} 21.
Ng4 {[%clk 00:54:10]} {[%emt 00:00:33]} Kg7 {[%clk 00:09:00]} {[%emt 00:02:15]}
22. Ne3 {[%clk 00:54:30]} {[%emt 00:00:08]} Qf6 {[%clk 00:08:49]} {[%emt
00:00:42]} 23. Nf5+ {[%clk 00:54:45]} {[%emt 00:00:15]} Kg8 {[%clk 00:08:50]}
{[%emt 00:00:28]} 24. g4 {[%clk 00:54:38]} {[%emt 00:00:37]} Rec8 {[%clk
00:08:59]} {[%emt 00:00:21]} 25. Re3 {[%clk 00:54:19]} {[%emt 00:00:49]} b4
{[%clk 00:06:19]} {[%emt 00:03:10]} 26. Rc1 {[%clk 00:53:31]} {[%emt 00:01:18]}
a5 {[%clk 00:04:41]} {[%emt 00:02:08]} 27. Qe2 {[%clk 00:53:20]} {[%emt
00:00:41]} Bf8 {[%clk 00:04:52]} {[%emt 00:00:20]} 28. Rc6 {[%clk 00:53:41]}
{[%emt 00:00:09]} Bd6 {[%clk 00:04:00]} {[%emt 00:01:22]} 29. Rh3 {[%clk
00:53:59]} {[%emt 00:00:12]} Kh7 {[%clk 00:04:11]} {[%emt 00:00:19]} 30. Qf3
{[%clk 00:53:18]} {[%emt 00:01:10]} Rh8 {[%clk 00:03:51]} {[%emt 00:00:50]} 31.
Rxh6+ {[%clk 00:53:31]} {[%emt 00:00:18]} Qxh6 {[%clk 00:04:05]} {[%emt
00:00:16]} 32. Nxh6 {[%clk 00:53:55]} {[%emt 00:00:05]} Kxh6 {[%clk 00:04:18]}
{[%emt 00:00:18]} 33. Qf6+ {[%clk 00:54:19]} {[%emt 00:00:06]} Kh7 {[%clk
00:04:42]} {[%emt 00:00:07]} 34. Qxf7+ {[%clk 00:54:41]} {[%emt 00:00:07]} Kh6
{[%clk 00:05:07]} {[%emt 00:00:04]} 35. Qxc7 {[%clk 00:54:52]} {[%emt
00:00:19]} 1-0

[Event "European Chess Club Cup 2023"]
[Site "Durres, Albania"]
[Date "2023.10.01"]
[Round "1.53"]
[White "Piceu, Jarid"]
[Black "Balog, Imre"]
[Result "0-1"]
[TimeControl "90' + 30' & 30\""]
[WhiteElo "1908"]
[BlackElo "2622"]

1. d4 {[%clk 01:30:57]} {[%emt 00:00:02]} Nf6 {[%clk 01:30:12]} {[%emt
00:00:47]} 2. c4 {[%clk 01:31:24]} {[%emt 00:00:05]} g6 {[%clk 01:29:32]}
{[%emt 00:01:10]} 3. Nc3 {[%clk 01:31:38]} {[%emt 00:00:15]} Bg7 {[%clk
01:29:23]} {[%emt 00:00:39]} 4. Nf3 {[%clk 01:31:18]} {[%emt 00:00:52]} O-O
{[%clk 01:28:44]} {[%emt 00:01:10]} 5. Bf4 {[%clk 01:31:10]} {[%emt 00:00:37]}
d5 {[%clk 01:28:48]} {[%emt 00:00:26]} 6. cxd5 {[%clk 01:21:41]} {[%emt
00:09:59]} Nxd5 {[%clk 01:29:08]} {[%emt 00:00:08]} 7. Nxd5 {[%clk 01:12:00]}
{[%emt 00:10:13]} Qxd5 {[%clk 01:29:15]} {[%emt 00:00:23]} 8. e3 {[%clk
01:07:23]} {[%emt 00:05:07]} c5 {[%clk 01:24:18]} {[%emt 00:05:26]} 9. Qb3
{[%clk 00:49:06]} {[%emt 00:18:48]} Qxb3 {[%clk 01:19:01]} {[%emt 00:05:46]} 10.
axb3 {[%clk 00:49:32]} {[%emt 00:00:05]} cxd4 {[%clk 01:19:15]} {[%emt
00:00:16]} 11. Bxb8 {[%clk 00:42:31]} {[%emt 00:07:32]} Rxb8 {[%clk 01:16:30]}
{[%emt 00:03:14]} 12. Nxd4 {[%clk 00:42:55]} {[%emt 00:00:07]} a6 {[%clk
01:14:19]} {[%emt 00:02:40]} 13. Be2 {[%clk 00:35:30]} {[%emt 00:07:56]} Rd8
{[%clk 01:11:41]} {[%emt 00:03:06]} 14. Rd1 {[%clk 00:30:01]} {[%emt 00:06:00]}
e5 {[%clk 01:10:04]} {[%emt 00:02:07]} 15. Nf3 {[%clk 00:29:32]} {[%emt
00:00:59]} Bf5 {[%clk 01:10:10]} {[%emt 00:00:23]} 16. O-O {[%clk 00:28:31]}
{[%emt 00:01:32]} Bc2 {[%clk 01:08:53]} {[%emt 00:01:46]} 17. Rxd8+ {[%clk
00:24:01]} {[%emt 00:05:02]} Rxd8 {[%clk 01:09:08]} {[%emt 00:00:15]} 18. b4
{[%clk 00:24:30]} {[%emt 00:00:02]} e4 {[%clk 01:08:50]} {[%emt 00:00:46]} 19.
Ng5 {[%clk 00:21:23]} {[%emt 00:03:37]} h6 {[%clk 01:06:54]} {[%emt 00:02:26]}
20. Rc1 {[%clk 00:21:17]} {[%emt 00:00:36]} Rd2 {[%clk 01:06:55]} {[%emt
00:00:28]} 21. Kf1 {[%clk 00:15:50]} {[%emt 00:05:58]} Bxb2 {[%clk 01:06:52]}
{[%emt 00:00:33]} 0-1

[Event "European Chess Club Cup 2023"]
[Site "Durres, Albania"]
[Date "2023.10.01"]
[Round "1.55"]
[White "Dardha, Daniel"]
[Black "Frischmann, Rick"]
[Result "1-0"]
[TimeControl "90' + 30' & 30\""]
[WhiteElo "2580"]
[BlackElo "2388"]

1. d4 {[%clk 01:30:54]} {[%emt 00:00:06]} d5 {[%clk 01:30:47]} {[%emt
00:00:14]} 2. c4 {[%clk 01:31:19]} {[%emt 00:00:04]} Nc6 {[%clk 01:31:07]}
{[%emt 00:00:10]} 3. Nc3 {[%clk 01:31:14]} {[%emt 00:00:36]} Nf6 {[%clk
01:31:28]} {[%emt 00:00:08]} 4. Nf3 {[%clk 01:31:35]} {[%emt 00:00:09]} dxc4
{[%clk 01:31:48]} {[%emt 00:00:11]} 5. e4 {[%clk 01:31:51]} {[%emt 00:00:14]}
Bg4 {[%clk 01:32:06]} {[%emt 00:00:11]} 6. Be3 {[%clk 01:31:53]} {[%emt
00:00:28]} e6 {[%clk 01:32:27]} {[%emt 00:00:10]} 7. Bxc4 {[%clk 01:32:16]}
{[%emt 00:00:07]} Bb4 {[%clk 01:32:49]} {[%emt 00:00:07]} 8. Qd3 {[%clk
01:32:26]} {[%emt 00:00:19]} Bh5 {[%clk 01:33:02]} {[%emt 00:00:17]} 9. O-O
{[%clk 01:32:09]} {[%emt 00:00:49]} Bg6 {[%clk 01:27:17]} {[%emt 00:06:14]} 10.
d5 {[%clk 01:30:06]} {[%emt 00:02:34]} exd5 {[%clk 01:19:55]} {[%emt 00:07:51]}
11. Nxd5 {[%clk 01:30:30]} {[%emt 00:00:08]} Nxd5 {[%clk 01:19:22]} {[%emt
00:01:01]} 12. Bxd5 {[%clk 01:30:04]} {[%emt 00:00:56]} O-O {[%clk 01:02:36]}
{[%emt 00:17:15]} 13. Qb5 {[%clk 01:26:03]} {[%emt 00:04:32]} Rb8 {[%clk
01:02:36]} {[%emt 00:00:30]} 14. Bxa7 {[%clk 01:22:47]} {[%emt 00:03:46]} Nxa7
{[%clk 01:02:21]} {[%emt 00:00:45]} 15. Qxb4 {[%clk 01:23:13]} {[%emt
00:00:04]} c6 {[%clk 01:00:37]} {[%emt 00:02:15]} 16. Bb3 {[%clk 01:23:08]}
{[%emt 00:00:34]} Qc7 {[%clk 01:00:42]} {[%emt 00:00:25]} 17. Rfe1 {[%clk
01:18:08]} {[%emt 00:05:30]} Rfe8 {[%clk 00:57:38]} {[%emt 00:03:34]} 18. e5
{[%clk 01:15:05]} {[%emt 00:03:34]} c5 {[%clk 00:54:55]} {[%emt 00:03:12]} 19.
Qf4 {[%clk 01:11:17]} {[%emt 00:04:17]} b5 {[%clk 00:47:51]} {[%emt 00:07:35]}
20. Bd5 {[%clk 01:11:25]} {[%emt 00:00:21]} Rbd8 {[%clk 00:46:05]} {[%emt
00:02:17]} 21. Rad1 {[%clk 01:10:24]} {[%emt 00:01:31]} Nc8 {[%clk 00:45:46]}
{[%emt 00:00:49]} 22. h4 {[%clk 01:06:12]} {[%emt 00:04:41]} Nb6 {[%clk
00:40:14]} {[%emt 00:06:04]} 23. Be4 {[%clk 01:05:44]} {[%emt 00:00:57]} Nc4
{[%clk 00:36:05]} {[%emt 00:04:38]} 24. Rxd8 {[%clk 01:03:13]} {[%emt
00:03:02]} Rxd8 {[%clk 00:36:07]} {[%emt 00:00:29]} 25. Bxg6 {[%clk 01:01:59]}
{[%emt 00:01:45]} hxg6 {[%clk 00:35:53]} {[%emt 00:00:42]} 26. Re2 {[%clk
00:54:41]} {[%emt 00:07:48]} Rd1+ {[%clk 00:26:04]} {[%emt 00:10:18]} 27. Kh2
{[%clk 00:55:04]} {[%emt 00:00:08]} f6 {[%clk 00:26:26]} {[%emt 00:00:09]} 28.
Qg3 {[%clk 00:52:40]} {[%emt 00:02:53]} fxe5 {[%clk 00:11:05]} {[%emt
00:15:50]} 29. Qxg6 {[%clk 00:46:58]} {[%emt 00:06:13]} 1-0